000 00372pab a2200145 454500
008 180718b1997 xxu||||| |||| 00| 0 eng d
100 _aOrbuch, Terri L.
245 _aPeople's accounts count: the sociology of accounts
260 _c1997
300 _ap.455-78
650 _aSelf esteem
650 _aSociology
773 _aAnnual Review of Sociology
909 _a35285
999 _c35285
_d35285